000 00284nam a22001337a 4500
008 171124b xxu||||| |||| 00| 0 eng d
020 _a9780877090663
041 _aeng
080 _a004
100 _a33
101 _aSHK
245 _aDATA MODELING
_cSANDERS,G.L
942 _2udc
_cBK
999 _c38430
_d38430